000 00529nam a22001697a 4500
005 20251108172519.0
008 250721s1989 xx 000 0 ara d
082 1 4 _a306.85/زغل
100 1 _aالزغل، علي
245 1 0 _aالتغير في الخصائص البنيوية للأسرة في شمال الأردن : دراسةميدانية /
264 1 _aعمان :
_bجامعة اليرموك،
_c1989.
300 _a90ص.
650 1 7 _aالأسرة
650 1 7 _aالأردن
942 _2ddc
_cBK
999 _c81285
_d81285